| 000 | 00976cam a2200301 a 4500 | ||
|---|---|---|---|
| 001 | 4941279 | ||
| 005 | 20170105102936.0 | ||
| 008 | 960125s1995 pk a b 001 0 eng | ||
| 010 | _a 95930352 | ||
| 025 | _aP-E-029651 | ||
| 040 |
_aDLC _cDLC _dDLC |
||
| 042 | _alcode | ||
| 043 | _aa-pk--- | ||
| 050 | 0 | 0 |
_aHC440.5 _b.S252 1995 |
| 082 |
_a330.9549105 _bSAE 2007 |
||
| 100 | 1 | _aSaeed, Khawaja Amjad. | |
| 245 | 1 | 0 |
_aEconomy of Pakistan / _cKhawaja Amjad Saeed. |
| 250 | _a2nd rev. ed. | ||
| 260 |
_aLahore, Pakistan : _bS.A. Salam Publications, _c1995. |
||
| 300 |
_axliv, 460 p. : _bill. ; _c25 cm. |
||
| 500 | _aPreviously published as: Economic structure of Pakistan. | ||
| 504 | _aIncludes bibliographical references and index. | ||
| 651 | 0 |
_aPakistan _xEconomic conditions. |
|
| 651 | 0 |
_aPakistan _xEconomic policy. |
|
| 906 |
_a7 _bcbc _corigode _d3 _encip _f19 _gy-gencatlg |
||
| 942 |
_2ddc _cBK |
||
| 999 |
_c16272 _d16272 |
||